000 00681nam a2200205Ia 4500
003 GCL
008 140319s9999 xx 000 0 ara d
040 _aGCL /
_cGCL
082 0 4 _a330.121
_bم م
100 1 _aمحمد شوقى الفنجرى
245 1 0 _aالمذهب الاقتصادى فى الاسلام /
_cمحمد شوقى الفنجرى
300 _a263 ص
490 _aالهيئة العامة للاستعلامات
_v0
650 0 4 _aالاقتصاد
650 0 4 _aالاقتصاد الاسلامى
650 0 4 _aالزكاة
650 0 4 _aالاسلام والاقتصاد
650 0 4 _aالاسلام والاصلاح الاقتصادى
942 _2ddc
_cBK
999 _c49965
_d49965